Historia de Chile: 1810-1823

Bewaard in:
Bibliografische gegevens
Hoofdauteur: Soto Roa, Fredy (Auteur)
Formaat: Boek
Taal:Spaans
Gepubliceerd in: Santiago Publicaciones Lo Castillo 1985
Reeks:Biblioteca Fundamental. Colección Apuntes, 9
Onderwerpen:
Tags: Voeg label toe
Geen labels, Wees de eerste die dit record labelt!

MARC

LEADER 00000nam a2200000 a 4500
001 UCX3144
003 CL-VaPUC
008 911004e19850000CL |||||||||||||||||spa|d
082 0 4 |a 983.04  |b SOT  |2 21 
100 0 |a Soto Roa, Fredy  |e author  |9 319234 
245 1 0 |a Historia de Chile: 1810-1823 
300 |a 143 p 
942 |c BK 
945 |d 19911004 00:00:00 
260 |a Santiago  |b Publicaciones Lo Castillo  |c 1985 
650 7 |a HISTORIA DE CHILE 1810-1830  |2 CL-VaPUC  |9 319235 
651 7 |a CHILE  |2 CL-VaPUC  |9 319236 
583 |a last modification  |c 19911004 00:00:00  |k Rodrigo Vera 
490 0 |a Biblioteca Fundamental. Colección Apuntes, 9 
999 |c 223967  |d 223965 
952 |0 0  |1 0  |4 0  |6 983_040000000000000_SOT_1985  |7 0  |8 A  |9 220269  |a BIBEDU  |b BIBEDU  |d 2019-11-15  |i 2890011  |o 983.04 SOT 1985  |p 2890011  |r 2019-11-15  |w 2019-11-15  |y BK  |k LIT